| 000 | 00534nam a2200169 i 4500 | ||
|---|---|---|---|
| 001 | 118942 | ||
| 003 | ES-MaACL | ||
| 005 | 20250828063252.0 | ||
| 007 | t| | ||
| 008 | 070214s1910 sp r ||||1| spa d | ||
| 100 | 1 |
_aPérez Díaz, Pedro, _d1865-1930 _990832 |
|
| 245 | 1 | 3 |
_aEl socialismo _b: fundamentos del sistema marxista : trabajo y valor / _cpor Pedro Pérez Díaz. |
| 260 |
_aMadrid : _bSucesores de Hernando, _c1910. |
||
| 300 |
_aVII, 512 p. ; _c19 cm. |
||
| 852 |
_aES-MaACL _jG-14642 |
||
| 999 |
_c118942 _d118942 |
||